000 00777nam a22002057a 4500
999 _c9501
_d9501
003 AR-CdUCM
008 190328b ||||| |||| 00| 0 spa d
040 _aMUNICIPALIDAD PROVINCIAL DEL CUSCO
_cBIBLIOTECA MUNICIPAL DEL CUSCO
082 _aC / 985.61 /
_bP26
100 _aPardo, Luis A.
_925736
245 _aLas tres fundaciones del Cuzco /
260 _aLima :
_bTaller tipográfico Cuzco Imperial,
_c1934.
300 _a75 páginas ;
_c17 cm.
505 _aContenido: El Cuzco en la época preincaica -- Fernando de Montesinos -- La lista de Reyes -- Critica de la teoría de Montesinos -- Los amauttas -- Las invasiones...
650 _aCusco antiguo
_923729
650 _aPreinca
_925737
650 _aHomenaje al Cusco
_925738
942 _2ddc
_cLIBROS
945 _adavv